|
|
|
|
| LEADER |
00000cam a22000004a 4500 |
| 001 |
musev2_8951 |
| 003 |
MdBmJHUP |
| 005 |
20230905041024.0 |
| 006 |
m o d |
| 007 |
cr||||||||nn|n |
| 008 |
000419s1999 cc o 00 0 chi d |
| 010 |
|
|
|z 00291258
|
| 020 |
|
|
|a 9780295801940
|
| 020 |
|
|
|z 9780295986906
|
| 035 |
|
|
|a (OCoLC)794702182
|
| 040 |
|
|
|a MdBmJHUP
|c MdBmJHUP
|
| 050 |
0 |
4 |
|a PL2646
|b .M55 1999
|
| 245 |
0 |
0 |
|a The Story of Han Xiangzi :
|b The Alchemical Adventures of a Daoist Immortal /
|6 880-01
|n Di 3 ji /
|c Hou Zhongyi zhu bian.
|n Di 3 ji /
|
| 250 |
|
|
|6 880-02
|a Di 1 ban.
|
| 264 |
|
1 |
|a Chengdu :
|b Ba Shu shu dian,
|c 1999.
|
| 264 |
|
3 |
|a Baltimore, Md. :
|b Project MUSE,
|c 2012
|
| 264 |
|
4 |
|c ©1999.
|
| 300 |
|
|
|a 1 online resource (504 pages):
|b ill. ;
|
| 336 |
|
|
|a text
|b txt
|2 rdacontent
|
| 337 |
|
|
|a computer
|b c
|2 rdamedia
|
| 338 |
|
|
|a online resource
|b cr
|2 rdacarrier
|
| 505 |
0 |
|
|a 1. Sui Tang liang chao shi zhuan. Can Tang Wu dai shi yan yi zhuan. Hun Tang hou zhuan -- 2. Sui shi yi wen. Yan shi -- 3. Ru yi jun zhuan. Yu lou chun. Jin gu qi guan -- 4. Huan xi yuan jia. Tang Zhong Kui quan zhuan. Ba xian chu chu dong you ji. Han Xiangzi quan zhuan.
|
| 506 |
0 |
|
|a Open Access
|f Unrestricted online access
|2 star
|
| 588 |
|
|
|a Description based on print version record.
|
| 650 |
|
0 |
|a Chinese fiction
|y Ming dynasty, 1368-1644.
|
| 650 |
|
0 |
|a Stories, Chinese.
|
| 655 |
|
7 |
|a Electronic books.
|2 local
|
| 700 |
1 |
|
|6 880-04
|a Hou, Zhongyi,
|d 1936-
|
| 710 |
2 |
|
|a Project Muse.
|e distributor
|
| 830 |
|
0 |
|a Book collections on Project MUSE.
|
| 880 |
1 |
|
|6 700-04/$1
|a 侯忠義,
|d 1936-
|
| 880 |
|
|
|6 260-03/$1
|a 成都 :
|b 巴蜀書店,
|c 1999.
|
| 880 |
|
|
|6 250-02/$1
|a 第1版.
|
| 880 |
0 |
0 |
|6 245-01/$1
|a 明代小說輯刊.
|n 第三輯 /
|c 侯忠義主编.
|
| 856 |
4 |
0 |
|z Texto completo
|u https://projectmuse.uam.elogim.com/book/8951/
|
| 945 |
|
|
|a Project MUSE - Archive Complete Foundation
|
| 945 |
|
|
|a Project MUSE - Archive Literature Foundation
|
| 945 |
|
|
|a Project MUSE - Archive Asian and Pacific Studies Foundation
|